Sports Quiz

Random Sports or Soccer Quiz

All-Time UEFA Champions League Teams Quiz Stats

 Plays Quiz Updated Aug 28, 2019

Score 0/141 Timer 15:00
12 Plays Today
Nation Team % Correct
SpainBarcelona
97.5%
SpainReal Madrid
97.4%
EnglandManchester United
94.1%
GermanyBayern Munich
93.4%
EnglandChelsea
92.8%
EnglandArsenal
92.6%
EnglandLiverpool
92.1%
ItalyA.C. Milan
92%
ItalyInternazionale
90.7%
ItalyJuventus
90.3%
SpainAtlético Madrid
87.9%
NetherlandsAjax
87.6%
SpainValencia
87.6%
GermanyBorussia Dortmund
86.6%
FranceParis Saint-Germain
86%
FranceOlympique Lyonnais
85.9%
PortugalPorto
84.4%
ItalyAS Roma
83.6%
EnglandTottenham Hotspur
83.2%
EnglandManchester City
82.4%
NetherlandsPSV Eindhoven
81%
FranceMarseille
79.6%
PortugalBenfica
78.2%
PortugalSporting CP
77.1%
SpainSevilla
75.5%
ItalySS Lazio
72.5%
ScotlandCeltic
71.8%
GermanySchalke 04
71.8%
GermanyBayer 04 Leverkusen
70.7%
ScotlandRangers
69.8%
TurkeyGalatasaray
69.3%
RussiaCSKA Moscow
69.1%
EnglandLeicester City
68.2%
ItalyNapoli
66.4%
RussiaZenit St. Petersburg
66.3%
EnglandNewcastle United
66.3%
BelgiumRSC Anderlecht
65.6%
FranceMonaco
65.5%
NetherlandsFeyenoord Rotterdam
64%
GreeceOlympiacos
62.9%
EnglandLeeds United
60.4%
SwitzerlandBasel
59.8%
FranceLille OSC
59.5%
SpainAthletic Club
59.4%
SpainDeportivo La Coruña
59.2%
UkraineDynamo Kiev
58.7%
GermanyVfL Wolfsburg
58.6%
Nation Team % Correct
ItalyFiorentina
57.8%
SwitzerlandBSC Young Boys
57.5%
TurkeyBeşiktaş
57%
DenmarkFC København
57%
GermanyHamburg
56.9%
RussiaSpartak Moscow
54.4%
TurkeyFenerbahçe
53.5%
GermanyWerder Bremen
52.8%
SpainVillarreal
52.6%
SpainMálaga
51%
FranceGirondins de Bordeaux
50.7%
GermanyRB Leipzig
50.5%
ItalyAtalanta
50%
SwedenMalmö FF
49.7%
EnglandBlackburn Rovers
49.5%
SpainReal Betis
49.3%
PortugalBraga
49.1%
GreecePanathinaikos
47.5%
RomaniaSteaua Bucureşti
47.2%
BelgiumK.A.A. Gent
47%
BelgiumClub Brugge
47%
GreeceAEK Athens
46.5%
GermanyBorussia Mönchengladbach
46.4%
NetherlandsTwente
46.3%
CzechiaSparta Prague
45.8%
NetherlandsAZ Alkmaar
45.2%
GermanyVfB Stuttgart
44.5%
CroatiaDinamo Zagreb
44%
ItalyParma
43.9%
BelgiumRacing Genk
43.7%
AustriaRapid Vienna
42.1%
SpainReal Sociedad
41.9%
UkraineShakhtar Donetsk
41.3%
ItalyUdinese
41%
CyprusAPOEL
40.5%
SerbiaRed Star Belgrade
40.3%
GermanyTSG 1899 Hoffenheim
40.1%
RussiaLokomotiv Moscow
39.9%
FranceMontpellier
39.6%
FranceNantes
37.8%
AustriaRed Bull Salzburg
37.7%
GermanyHertha BSC
37.4%
NorwayRosenborg
35.6%
SwitzerlandZürich
35.4%
BelgiumStandard Liège
35.2%
AustriaAustria Vienna
34.9%
SwitzerlandGrasshopper Zürich
32.8%
Nation Team % Correct
RussiaRubin Kazan
32.3%
RomaniaCFR Cluj
32.2%
IsraelMaccabi Tel Aviv
32.1%
SpainCelta de Vigo
31.9%
PolandLegia Warszawa
30.7%
IsraelMaccabi Haifa
29.7%
BelarusBATE
29.7%
KazakhstanAstana
29.2%
SpainMallorca
29%
FinlandHJK Helsinki
28.2%
PortugalBoavista
28%
SerbiaPartizan
27.4%
SwedenIFK Göteborg
27.1%
FranceAuxerre
27%
DenmarkBrøndby
27%
IsraelHapoel Tel Aviv
26.7%
GermanyKaiserslautern
26.6%
AzerbaijanQarabağ FK
26.2%
CzechiaSlavia Prague
25.8%
TurkeyTrabzonspor
25.2%
FranceRacing Club de Lens
24.5%
TurkeyBursaspor
23.2%
SwedenAIK
22.5%
BulgariaPFC Ludogorets Razgrad
21.3%
SloveniaMaribor
20.9%
DenmarkAaB
20.2%
NetherlandsHeerenveen
20%
AustriaSturm Graz
19.8%
CroatiaHajduk Split
19.5%
CzechiaViktoria Plzeň
19.1%
NorwayMolde
19.1%
BulgariaLevski Sofia
17.5%
RussiaFC Rostov
17.4%
NetherlandsWillem II
16.5%
HungaryFerencváros
16.1%
SwedenHelsingborgs
14.7%
SwitzerlandThun
13.2%
DenmarkNordsjælland
13.2%
HungaryDebrecen
13%
CyprusΑnorthosis Famagusta
10.9%
BelgiumLierse
8.8%
SlovakiaMSK Žilina
8.8%
RomaniaUnirea Urziceni
8.4%
RomaniaOțelul Galați
8.4%
SlovakiaFC Petržalka 1898
7%
SlovakiaMFK Košice
6.6%
PolandWidzew Łódź
6.1%

You're not logged in!

Compare scores with friends on all Sporcle quizzes.
OR
Log In

Sporcle TV

Today on Sporcle TV


Watch our educational content, quiz creation guides, and fun videos on Sporcle TV.

Show Comments

Extras

Top Quizzes Today


Score Distribution

Your Account Isn't Verified!

In order to create a playlist on Sporcle, you need to verify the email address you used during registration. Go to your Sporcle Settings to finish the process.

Report this User

Report this user for behavior that violates our Community Guidelines.

Details: